Our planet : (Record no. 7883)

MARC details
000 -LEADER
fixed length control field 00934nam a22003017a 4500
001 - CONTROL NUMBER
control field 7883
003 - CONTROL NUMBER IDENTIFIER
control field FISKH
005 - DATE AND TIME OF LATEST TRANSACTION
control field 20250813090037.0
008 - FIXED-LENGTH DATA ELEMENTS--GENERAL INFORMATION
fixed length control field 250813b cb ||||| |||| 00| 0 eng d
020 ## - INTERNATIONAL STANDARD BOOK NUMBER
International Standard Book Number 9780816727544
040 ## - CATALOGING SOURCE
Original cataloging agency FIKSH
Language of cataloging eng
Transcribing agency FISKH
Modifying agency FISKH
050 ## - LIBRARY OF CONGRESS CALL NUMBER
Classification number GC21 .O53
082 ## - DEWEY DECIMAL CLASSIFICATION NUMBER
Classification number 551.46
100 ## - MAIN ENTRY--PERSONAL NAME
Personal name Oldershaw, Cally
245 ## - TITLE STATEMENT
Title Our planet :
Remainder of title Oceans /
Statement of responsibility, etc. Cally Oldershaw
250 ## - EDITION STATEMENT
Edition statement This edition first published in 1994
260 ## - PUBLICATION, DISTRIBUTION, ETC.
Place of publication, distribution, etc. New York :
Name of publisher, distributor, etc. Eagle Book,
Date of publication, distribution, etc. 1994
300 ## - PHYSICAL DESCRIPTION
Extent 32 pages :
Other physical details color illustrations ;
Dimensions 23 cm
505 ## - FORMATTED CONTENTS NOTE
Formatted contents note P<br/>
520 ## - SUMMARY, ETC.
Summary, etc. Describes the physical characteristics, plants and animals, resources, pollution, and conservation of the world's oceans.<br/>
521 8# - TARGET AUDIENCE NOTE
Target audience note 600<br/>
Source Lexile<br/>
521 8# - TARGET AUDIENCE NOTE
Target audience note P<br/>
Source Raz-Plus<br/>
650 ## - SUBJECT ADDED ENTRY--TOPICAL TERM
Source of heading or term Water Life
Topical term or geographic name entry element Transportation
650 ## - SUBJECT ADDED ENTRY--TOPICAL TERM
Source of heading or term Weather/seasons
Topical term or geographic name entry element Pollution
700 ## - ADDED ENTRY--PERSONAL NAME
Personal name Croot, Jan
Dates associated with a name illustrator
942 ## - ADDED ENTRY ELEMENTS (KOHA)
Source of classification or shelving scheme Dewey Decimal Classification
Koha item type Books
Suppress in OPAC No
Holdings
Withdrawn status Lost status Source of classification or shelving scheme Damaged status Not for loan Collection Home library Current library Shelving location Date acquired Total Checkouts Full call number Barcode Date last seen Copy number Price effective from Koha item type
    Dewey Decimal Classification     Non-Fiction Footprints International School Library Network Toul Tom Poung Campus Footprints International School Library Network Toul Tom Poung Campus TTP Primary Yellow Bookshelves 08/13/2025   OLD 551.46 GC21 .O53 FIS01337 08/13/2025 1 08/13/2025 Books